000 00453nam a2200133Ia 4500
008 211119s9999||||xx |||||||||||||| ||und||
082 _a70.5
_bDAY-H
100 _aDay, Robert A
245 0 _aHow to Write and Publish a Scientific Paper
260 _bCambridge University
_aLondon
_c1979
300 _axv+30
650 _acomputer science information & general works
_vNews media, journalism & publishingGeneralia
_xReference Reading Room
942 _cBOOK
999 _c111197
_d111197